[Event "Gdansk op"]
[Site "Gdansk"]
[Date "2009.07.20"]
[Round "4"]
[White "Krzywkowski, Marcin"]
[Black "Ulanowski, Karol"]
[Result "1-0"]
[WhiteElo "1986"]
[BlackElo "1777"]
[PlyCount "51"]
[EventDate "2009.07.19"]
[EventType "swiss"]
[EventRounds "9"]
[EventCountry "POL"]
[SourceTitle "CBM 131 Extra"]
[Source "ChessBase"]
[SourceDate "2009.09.03"]
[SourceVersion "2"]
[SourceVersionDate "2009.09.16"]
[SourceQuality "1"]

1. e4 c5 2. Nf3 d6 3. d4 cxd4 4. Nxd4 Nf6 5. Nc3 a6 6. Bg5 e6 7. f4 Qb6 8. Qd2 Qxb2 9. Nb3 Qa3 10. Bxf6 gxf6 11. Bd3 Nc6 12. 0-0 Bg7 13. f5 Bd7 14. Kh1 Qb4 15. a3 Qb6 16. Na4 Qc7 17. Qf2 Ne5 18. Nb6 Rd8 19. Nxd7 Kxd7 20. Nd4 Ke7 21. Rad1 b5 22. a4 bxa4 23. Bxa6 Rb8 24. Qg3 Bh6 25. fxe6 Qa7 26. Qxe5 1-0

[Event "Gdansk op"]
[Site "Gdansk"]
[Date "2009.07.19"]
[Round "1"]
[White "Khamitskiy, Sergei"]
[Black "Krzywkowski, Marcin"]
[Result "1-0"]
[WhiteElo "2335"]
[BlackElo "1986"]
[PlyCount "99"]
[EventDate "2009.07.19"]
[EventType "swiss"]
[EventRounds "9"]
[EventCountry "POL"]
[SourceTitle "CBM 131 Extra"]
[Source "ChessBase"]
[SourceDate "2009.09.03"]
[SourceVersion "2"]
[SourceVersionDate "2009.09.16"]
[SourceQuality "1"]

1. d4 Nf6 2. c4 e6 3. g3 d5 4. Bg2 dxc4 5. Nf3 Be7 6. 0-0 0-0 7. Qc2 Nbd7 8. Qxc4 c5 9. Rd1 Qb6 10. Nc3 cxd4 11. Nxd4 Ne5 12. Qb5 Bc5 13. Na4 Qxb5 14. Nxb5 Bd7 15. Nxc5 Bxb5 16. Bf4 Ng6 17. Bd6 Rfe8 18. Bxb7 Rad8 19. Ba6 Bxa6 20. Nxa6 Nd5 21. Nc7 Nxc7 22. Bxc7 Rc8 23. Rac1 h6 24. a4 Re7 25. Bd6 Rxc1 26. Rxc1 Rd7 27. Rc8+ Kh7 28. Bb4 Rd4 29. Rb8 Re4 30. Kf1 Ne5 31. Bc3 Nc6 32. Rc8 Ne7 33. Rc7 Nd5 34. Rxa7 Nxc3 35. bxc3 Rc4 36. Rxf7 Rxc3 37. f3 Ra3 38. Rf4 Kg6 39. h4 e5 40. Re4 Kf6 41. h5 Ra1+ 42. Kf2 Ra3 43. Ke1 Ra2 44. Kd1 g5 45. hxg6 Kxg6 46. Kc1 Kf6 47. Kb1 Rd2 48. g4 Rd1+ 49. Kb2 Rd2+ 50. Kb3 1-0

[Event "Kowalewo Pomorskie op"]
[Site "Kowalewo Pomorskie"]
[Date "2008.07.06"]
[Round "3"]
[White "Krzywkowski, Marcin"]
[Black "Zielinski, Stanislaw"]
[Result "0-1"]
[WhiteElo "1909"]
[BlackElo "2145"]
[PlyCount "48"]
[EventDate "2008.07.04"]
[EventType "swiss"]
[EventRounds "9"]
[EventCountry "POL"]
[SourceTitle "CBM 125 Extra"]
[Source "ChessBase"]
[SourceDate "2008.09.01"]
[SourceVersion "1"]
[SourceVersionDate "2008.09.01"]
[SourceQuality "1"]

1. e4 c6 2. d4 d5 3. Nc3 g6 4. Be3 Bg7 5. Be2 dxe4 6. Nxe4 Nd7 7. c4 Ngf6 8. Nc3 0-0 9. h3 e5 10. Nf3 exd4 11. Bxd4 Re8 12. 0-0 b6 13. b4 c5 14. bxc5 bxc5 15. Be3 Bb7 16. Rb1 Bc6 17. Qc2 Ne4 18. Nd5 Nb6 19. Nxb6 axb6 20. Bd3 Ba4 21. Qe2 Nc3 22. Qd2 Nxb1 23. Rxb1 Bc6 24. Qe2 Bxf3 0-1

[Event "Rowy op-A 17th"]
[Site "Rowy"]
[Date "2008.06.21"]
[Round "8.13"]
[White "Jagiela, Piotr"]
[Black "Krzywkowski, Marcin"]
[Result "0-1"]
[WhiteElo "1924"]
[BlackElo "1889"]
[PlyCount "79"]
[EventDate "2008.06.14"]
[EventType "swiss"]
[EventRounds "9"]
[EventCountry "POL"]
[SourceTitle "EXT 2023"]
[Source "ChessBase"]
[SourceDate "2022.10.05"]
[SourceVersion "1"]
[SourceVersionDate "2022.10.05"]
[SourceQuality "1"]

1. c4 Nf6 2. Nc3 g6 3. g3 Bg7 4. Bg2 0-0 5. d4 d6 6. e3 c5 7. Nge2 a6 8. 0-0 Qc7 9. d5 e6 10. e4 exd5 11. exd5 Re8 12. h3 Nbd7 13. f4 Rb8 14. a4 Nb6 15. b3 Bf5 16. Ra2 h5 17. Kh2 Nbd7 18. Qd2 Ne4 19. Nxe4 Bxe4 20. Bb2 Nf6 21. Bxf6 Bxf6 22. Bxe4 Rxe4 23. Nc3 Rd4 24. Qe3 Qd7 25. Re2 Qf5 26. Ne4 Be7 27. Nxc5 dxc5 28. Qxe7 b5 29. axb5 axb5 30. Qxc5 Qd3 31. Rfe1 h4 32. Re8+ Rxe8 33. Rxe8+ Kh7 34. gxh4 Qd2+ 35. Kg1 Qxf4 36. Re1 Qg3+ 37. Kf1 Rf4+ 38. Ke2 Re4+ 39. Kd2 Qxe1+ 40. Kd3 0-1

[Event "Rowy op-A 17th"]
[Site "Rowy"]
[Date "2008.06.19"]
[Round "6.3"]
[White "Szczepaniec, Stanislaw"]
[Black "Krzywkowski, Marcin"]
[Result "1-0"]
[WhiteElo "2176"]
[BlackElo "1889"]
[PlyCount "87"]
[EventDate "2008.06.14"]
[EventType "swiss"]
[EventRounds "9"]
[EventCountry "POL"]
[SourceTitle "EXT 2023"]
[Source "ChessBase"]
[SourceDate "2022.10.05"]
[SourceVersion "1"]
[SourceVersionDate "2022.10.05"]
[SourceQuality "1"]

1. c4 Nf6 2. Nc3 g6 3. e4 d6 4. d4 Bg7 5. Be2 0-0 6. Bg5 h6 7. Be3 e5 8. d5 a5 9. Qd2 Kh7 10. h4 Nxe4 11. Nxe4 f5 12. h5 f4 13. hxg6+ Kg8 14. f3 fxe3 15. Qxe3 Bf5 16. g4 Bxg6 17. Bd3 c6 18. Ne2 cxd5 19. cxd5 Na6 20. a3 Nc7 21. N2c3 Rf4 22. 0-0-0 Qf8 23. Rh3 Rb8 24. Qb6 Bxe4 25. Bxe4 Na6 26. Ne2 Rf7 27. g5 Nc5 28. Bg6 Rxf3 29. Rxf3 Qxf3 30. Nc3 Qf4+ 31. Kb1 Qxg5 32. Qxd6 Rd8 33. Qxc5 Qxg6+ 34. Ka2 b6 35. Qe3 Rd6 36. Ne4 Rd7 37. Ka1 b5 38. Rg1 Qf5 39. Qxh6 Qxe4 40. Qe6+ Rf7 41. Rf1 Bf6 42. Rxf6 Qe1+ 43. Ka2 Qh4 44. Rg6+ 1-0

[Event "Rowy op-A 17th"]
[Site "Rowy"]
[Date "2008.06.15"]
[Round "2.20"]
[White "Kaliszewski, Tomasz"]
[Black "Krzywkowski, Marcin"]
[Result "0-1"]
[WhiteElo "2141"]
[BlackElo "1889"]
[PlyCount "64"]
[EventDate "2008.06.14"]
[EventType "swiss"]
[EventRounds "9"]
[EventCountry "POL"]
[SourceTitle "EXT 2023"]
[Source "ChessBase"]
[SourceDate "2022.10.05"]
[SourceVersion "1"]
[SourceVersionDate "2022.10.05"]
[SourceQuality "1"]

1. e4 c5 2. Nf3 d6 3. d4 cxd4 4. Nxd4 Nf6 5. Nc3 a6 6. Bc4 e6 7. Bb3 Be7 8. Be3 Qc7 9. Qe2 b5 10. a3 Nc6 11. 0-0-0 Rb8 12. Nxc6 Qxc6 13. f3 0-0 14. g4 b4 15. axb4 Rxb4 16. Rd4 Rxd4 17. Bxd4 Bb7 18. Qc4 Qd7 19. g5 d5 20. Qe2 Nh5 21. Be3 d4 22. Rd1 e5 23. Nb1 Rc8 24. h4 Qh3 25. Bd2 Qxh4 26. Qe1 Ng3 27. g6 hxg6 28. Qf2 d3 29. Be3 Ne2+ 30. Kd2 Qxf2 31. Bxf2 Bg5+ 32. Kxd3 Nc1+ 0-1

[Event "Tczew-ch UKS Centrum"]
[Site "Tczew"]
[Date "2008.05.08"]
[Round "3"]
[White "Krzywkowski, Marcin"]
[Black "Mielke, Patryk"]
[Result "1-0"]
[WhiteElo "1889"]
[BlackElo "1711"]
[PlyCount "111"]
[EventDate "2008.04.01"]
[EventType "tourn"]
[EventRounds "9"]
[EventCountry "POL"]
[SourceTitle "EXT 2023"]
[Source "ChessBase"]
[SourceDate "2022.10.05"]
[SourceVersion "1"]
[SourceVersionDate "2022.10.05"]
[SourceQuality "1"]

1. d4 g6 2. c4 Bg7 3. g3 Nf6 4. Bg2 d6 5. e4 0-0 6. Ne2 c5 7. 0-0 cxd4 8. Nxd4 Nc6 9. Nc2 Be6 10. Ne3 Ne5 11. Na3 Rc8 12. b3 a6 13. h3 Nc6 14. Bb2 Qa5 15. Qe2 Nd4 16. Bxd4 Qxa3 17. f4 Qa5 18. f5 Bd7 19. Bxf6 Bxf6 20. Rad1 Bc6 21. Ng4 Qc5+ 22. Kh2 Bg7 23. f6 exf6 24. Nxf6+ Bxf6 25. Rxf6 Rcd8 26. Qd2 Qe5 27. Qf2 Rd7 28. h4 Kg7 29. Rf4 Qe6 30. Bh3 Qe5 31. Bxd7 Bxd7 32. Qd4 Qxd4 33. Rxd4 d5 34. exd5 f5 35. Rd2 Re8 36. Rff2 Kf6 37. g4 Re4 38. g5+ Ke5 39. Rde2 Kd4 40. Rxe4+ fxe4 41. Kg1 Bh3 42. d6 Kd3 43. Rg2 e3 44. Rg3 Bf5 45. Kf1 Kd2 46. Rg2+ Kd3 47. Ke1 Bd7 48. Rg1 Bh3 49. Rf1 Bxf1 50. d7 e2 51. d8Q+ Ke4 52. Qe7+ Kf5 53. Qxh7 Bh3 54. h5 Bg4 55. Qxg6+ Ke5 56. h6 1-0

[Event "Pomorza-ch Seniors"]
[Site "Gdansk"]
[Date "2007.11.24"]
[Round "8.4"]
[White "Kapica, Wlodzimierz"]
[Black "Krzywkowski, Marcin"]
[Result "1-0"]
[WhiteElo "2050"]
[BlackElo "1874"]
[PlyCount "61"]
[EventDate "2007.11.10"]
[EventType "swiss"]
[EventRounds "9"]
[EventCountry "POL"]
[SourceTitle "EXT 2023"]
[Source "ChessBase"]
[SourceDate "2022.10.05"]
[SourceVersion "1"]
[SourceVersionDate "2022.10.05"]
[SourceQuality "1"]

1. e4 c5 2. Nf3 e6 3. b3 d5 4. e5 a6 5. d4 cxd4 6. Nxd4 Qc7 7. f4 Bc5 8. c3 Ne7 9. Be3 b5 10. b4 Bxd4 11. Bxd4 Nf5 12. Bf2 0-0 13. Bd3 Bb7 14. Bxf5 exf5 15. Bc5 Re8 16. 0-0 Nd7 17. Bd4 Re6 18. Qd3 Rae8 19. Qxf5 f6 20. exf6 Nxf6 21. Qd3 Ne4 22. a3 Rh6 23. Nd2 Qf7 24. Nxe4 dxe4 25. Qe3 Qh5 26. h3 Bc8 27. Rf2 Bf5 28. a4 bxa4 29. Rxa4 Bg4 30. Ra5 Qh4 31. Rg5 1-0

[Event "Pomorza-ch Seniors"]
[Site "Gdansk"]
[Date "2007.11.24"]
[Round "9.4"]
[White "Krzywkowski, Marcin"]
[Black "Pioch, Zygmunt"]
[Result "0-1"]
[WhiteElo "1874"]
[BlackElo "2205"]
[PlyCount "52"]
[EventDate "2007.11.10"]
[EventType "swiss"]
[EventRounds "9"]
[EventCountry "POL"]
[SourceTitle "EXT 2023"]
[Source "ChessBase"]
[SourceDate "2022.10.05"]
[SourceVersion "1"]
[SourceVersionDate "2022.10.05"]
[SourceQuality "1"]

1. e4 e5 2. Nf3 Nc6 3. Bb5 a6 4. Ba4 Nf6 5. 0-0 b5 6. Bb3 Bc5 7. c3 d6 8. a4 Rb8 9. d4 Bb6 10. axb5 axb5 11. Na3 Bg4 12. Nxb5 0-0 13. Re1 exd4 14. cxd4 Bxf3 15. gxf3 Nxd4 16. Nxd4 Bxd4 17. Bxf7+ Rxf7 18. Qxd4 Qd7 19. Bg5 Qb5 20. f4 h6 21. Bxf6 Rxf6 22. f5 Qxb2 23. Qd3 Qe5 24. Qc4+ Rf7 25. Ra7 Re8 26. Rxc7 d5 0-1

[Event "Pomorza-ch Seniors"]
[Site "Gdansk"]
[Date "2007.11.19"]
[Round "7.4"]
[White "Krzywkowski, Marcin"]
[Black "Szczepaniec, Stanislaw"]
[Result "1-0"]
[WhiteElo "1874"]
[BlackElo "2133"]
[PlyCount "47"]
[EventDate "2007.11.10"]
[EventType "swiss"]
[EventRounds "9"]
[EventCountry "POL"]
[SourceTitle "EXT 2023"]
[Source "ChessBase"]
[SourceDate "2022.10.05"]
[SourceVersion "1"]
[SourceVersionDate "2022.10.05"]
[SourceQuality "1"]

1. e4 c5 2. Nf3 Nc6 3. d4 cxd4 4. Nxd4 g6 5. c4 Bg7 6. Nc2 d6 7. Be2 Be6 8. 0-0 Rc8 9. Nca3 a6 10. Kh1 Qd7 11. f4 Na5 12. Nd2 Qc6 13. Rb1 Qd7 14. f5 gxf5 15. exf5 Bxf5 16. Rxf5 Qxf5 17. Bg4 Qd3 18. Bxc8 Nf6 19. b4 Nc6 20. Qf3 Qg6 21. Bf5 Qg5 22. Ne4 Qh4 23. g3 Nd4 24. Qg2 1-0

[Event "Tczew-ch"]
[Site "Tczew"]
[Date "2007.11.07"]
[Round "3.4"]
[White "Les, Czeslaw"]
[Black "Krzywkowski, Marcin"]
[Result "1-0"]
[WhiteElo "1905"]
[BlackElo "1874"]
[PlyCount "101"]
[EventDate "2007.10.02"]
[EventType "swiss"]
[EventRounds "9"]
[EventCountry "POL"]
[SourceTitle "EXT 2023"]
[Source "ChessBase"]
[SourceDate "2022.10.05"]
[SourceVersion "1"]
[SourceVersionDate "2022.10.05"]
[SourceQuality "1"]

1. d4 d5 2. Nf3 Nf6 3. Bf4 c5 4. e3 e6 5. c3 Bd6 6. Ne5 0-0 7. Bd3 Nc6 8. Nd2 Bxe5 9. dxe5 Nd7 10. Nf3 Qc7 11. Qc2 h6 12. h4 Ndxe5 13. Ke2 f6 14. g4 Qb6 15. g5 Nxf3 16. gxh6 f5 17. Kxf3 e5 18. Rag1 e4+ 19. Kg3 exd3 20. Qxd3 Ne7 21. hxg7 Rf7 22. Kh2 Ng6 23. h5 Nxf4 24. exf4 Qh6 25. Rg5 Rxg7 26. Rhg1 Rxg5 27. Rxg5+ Kh8 28. Qxd5 Be6 29. Qe5+ Kh7 30. Kg3 Rg8 31. Kh4 Rg7 32. f3 Bf7 33. Qxf5+ Kh8 34. Qxc5 Rxg5 35. Qxg5 Kh7 36. Qf5+ Kg7 37. Qe5+ Qf6+ 38. Qg5+ Qxg5+ 39. fxg5 Bxa2 40. Kg4 Bd5 41. f4 Be4 42. f5 b5 43. Kf4 Bd3 44. Ke5 Be2 45. h6+ Kh7 46. Ke6 Bc4+ 47. Ke7 a5 48. f6 Kg6 49. h7 Kxh7 50. f7 Bxf7 51. Kxf7 1-0

[Event "Rewal op-A 12th"]
[Site "Rewal"]
[Date "2007.08.29"]
[Round "9"]
[White "Krzywkowski, Marcin"]
[Black "Walas, Aleksandra"]
[Result "1/2-1/2"]
[WhiteElo "1861"]
[BlackElo "1884"]
[PlyCount "75"]
[EventDate "2007.08.20"]
[EventType "swiss"]
[EventRounds "9"]
[EventCountry "POL"]
[SourceTitle "CBM 120 Extra"]
[Source "ChessBase"]
[SourceDate "2007.11.01"]
[SourceVersion "1"]
[SourceVersionDate "2007.11.01"]
[SourceQuality "1"]

1. d4 Nf6 2. c4 e6 3. g3 c5 4. Nf3 cxd4 5. Nxd4 Nc6 6. Bg2 Bc5 7. Nb3 Be7 8. Nc3 0-0 9. 0-0 a6 10. e4 d6 11. Bf4 e5 12. Bg5 h6 13. Bxf6 Bxf6 14. Nd5 g6 15. Nxf6+ Qxf6 16. Qe2 Rd8 17. Rad1 Be6 18. Rd2 b5 19. cxb5 axb5 20. Qxb5 Bxb3 21. Qxb3 Nd4 22. Rxd4 exd4 23. e5 dxe5 24. Bxa8 Rxa8 25. Re1 Qd6 26. Rd1 e4 27. Qc4 Rd8 28. a4 Qe5 29. b4 e3 30. Qd3 exf2+ 31. Kxf2 Rd6 32. a5 Qf6+ 33. Kg1 Qd8 34. a6 Qb6 35. b5 Rd5 36. Ra1 Rd7 37. Rc1 Rd5 38. Ra1 1/2-1/2